| 000 | 00697cam a2200265 i 4500 | ||
|---|---|---|---|
| 001 | 768714001 | ||
| 003 | CO-MdFUSB | ||
| 005 | 20220903102132.0 | ||
| 008 | 220903t1929 uk ||| |||| 00| 0 eng d | ||
| 020 | _a978-0-674-99250-4 | ||
| 040 |
_bspa. _aCO-MdFUSB _cCO-MdFUSB _dCO-MdFUSBC _erda |
||
| 041 | _aspa | ||
| 082 | _a888 | ||
| 100 | 0 |
_aFilón, _cde Alejandría _eAutor |
|
| 245 |
_aPhilo _bVolume II _c/ |
||
| 264 | 1 |
_aEngland _bHardvard university Press, _c[1929] |
|
| 264 | 4 | _c© 1929 | |
| 300 | _c; | ||
| 336 |
_2rdacontent _atexto _btxt |
||
| 337 |
_2rdamedia _asin mediación _bn |
||
| 338 |
_2rdacarrier _avolumen _bnc |
||
| 653 | _aFilón | ||
| 942 | _cREF | ||
| 945 | _aEstudiante | ||
| 999 |
_c68114 _d68114 |
||